| 000 | 00665cam a22002297a 4500 | ||
|---|---|---|---|
| 001 | 000007727 | ||
| 005 | 20200929154257.0 | ||
| 008 | 841214s1983 ve 000 0 spa | ||
| 010 | _a83839082 | ||
| 020 | _a8472220680 | ||
| 040 |
_aDO-SdBNP _cDLC _dDLC |
||
| 082 |
_aV863.44 _bA581h |
||
| 100 | 1 |
_aAngarita Trujillo, Ana Rosa. _921400 |
|
| 245 | 1 | 0 |
_aHormiguero de concreto / _cAna Rosa Angarita. |
| 260 |
_aCaracas : _bAlfadil Ediciones, _cc1983. |
||
| 300 |
_a101 p. ; _c20 cm. |
||
| 490 | 1 |
_aOrinoco _v3 |
|
| 650 | 4 |
_aNovela venezolana _93962 |
|
| 650 | 4 |
_aLiteratura venezolana _93816 |
|
| 830 | 0 |
_aOrinoco _v3 _921401 |
|
| 910 | _aCatalogación por copia / LC | ||
| 999 |
_c7505 _d7505 |
||